Major League Soccer 2026 - Statystyki

Ogólne statystyki
  • Ten quiz został rozwiązany 26 razy
  • Średni wynik to 14 z 30
Statystyki odpowiedzi
Drużyna % Poprawnych
Inter Miami CF
90%
LA Galaxy
90%
Los Angeles FC
76%
Seattle Sounders FC
71%
Chicago Fire FC
67%
Atlanta United FC
62%
Portland Timbers
57%
Toronto FC
57%
Vancouver Whitecaps FC
57%
Austin FC
48%
CF Montréal
48%
D.C. United
48%
Houston Dynamo FC
48%
San Diego FC
48%
San Jose Earthquakes
48%
Minnesota United FC
43%
New York Red Bulls
43%
Orlando City SC
43%
Philadelphia Union
43%
Charlotte FC
38%
FC Dallas
38%
Nashville SC
38%
New England Revolution
33%
FC Cincinnati
29%
New York City FC
29%
Real Salt Lake
29%
Colorado Rapids
24%
Sporting Kansas City
24%
St. Louis City SC
24%
Columbus Crew
19%
Nie znaleziono quizów pasujących do podanych kryteriów
Rozkład punktacji
Procent ludzi z każdym wynikiem
Percentyl według liczby udzielonych odpowiedzi
Twoja historia wyników
Nie rozwiązałeś tego quizu